000 00833nam a22002177a 4500
999 _c9606
_d9606
003 AR-CdUCM
008 190328b ||||| |||| 00| 0 spa d
040 _aMUNICIPALIDAD PROVINCIAL DEL CUSCO
_cBIBLIOTECA MUNICIPAL DEL CUSCO
082 _a346.24 /
_bOR71
100 _aOroza Daza, Julio
_925922
245 _aMatrimonio y Divorcio en Latino América /
260 _aBuenos Aires :
_bHuarpes S. A. ;
_c1946.
300 _a309 páginas ;
_c23cm
440 _aColección Sabiduría y Vida
_n1
_925923
505 _aContenido: Aspecto social del matrimonio -- Aspecto político del matrimonio -- Religión y matrimonio -- Aspecto jurídico del matrimonio -- Divorcio en latinoamerica...
650 _aMatrimonio
_916386
650 _aDivorcio
_98382
650 _aLatino américa
_925924
942 _2ddc
_cLIBROS
945 _anom